A christmas memory (Record no. 20578)
[ view plain ]
| 000 -CABECERA | |
|---|---|
| campo de control de longitud fija | 00595caa a22001812a 4500 |
| 001 - NÚMERO DE CONTROL | |
| campo de control | 014818 |
| 003 - IDENTIFICADOR DEL NÚMERO DE CONTROL | |
| campo de control | AR-FADEU |
| 008 - DATOS DE LONGITUD FIJA--INFORMACIÓN GENERAL | |
| campo de control de longitud fija | 311216n########xxu####################dd |
| 092 ## - ASIGNACIÓN LOCAL DE SIGNATURA TOPOGRÁFICA DEWEY (OCLC) | |
| Número de clasificación | 813.54 |
| Número de documento/Ítem | C246 |
| 100 ## - ENTRADA PRINCIPAL--NOMBRE DE PERSONA | |
| Nombre de persona | Capote, Truman |
| 245 ## - MENCIÓN DE TÍTULO | |
| Título | A christmas memory |
| 300 ## - DESCRIPCIÓN FÍSICA | |
| Extensión | PP 141-157 |
| 500 ## - NOTA GENERAL | |
| Nota general | En: Breakfast at Tiffany's / Truman Capote. New York, Penguin Books, 1958 |
| 546 ## - NOTA DE LENGUA/LENGUAJE | |
| Nota de lengua/lenguaje | Inglés |
| 650 ## - PUNTO DE ACCESO ADICIONAL DE MATERIA--TÉRMINO DE MATERIA | |
| Término de materia o nombre geográfico como elemento inicial | LITERATURA ESTADOUNIDENSE-SIGLO XX; NOVELA/REVISADO/ |
| 773 0# - ENLACE AL DOCUMENTO FUENTE/ENTRADA DE REGISTRO ANFITRIÓN | |
| Número bibliográfico anfitrión | 20573 |
| Número de ítem anfitrión | 20445 |
| Encabezamiento principal | Capote, Truman |
| Edición | |
| Lugar, editor y fecha de publicación | New York |
| Otro identificador del documento | 04697 |
| Título | Breakfast at Tiffany's |
| Número de control del registro | ( AR-FADEU) 014813 |
| Número Internacional Normalizado para Publicaciones Seriadas | |
| Número Internacional Estándar del Libro | |
| 942 ## - ELEMENTOS DE PUNTO DE ACCESO ADICIONAL (KOHA) | |
| Tipo de ítem Koha | BDGR |
No items available.